000 00743nam a2200229Ia 4500
005 20220721115352.0
008 210716s2009 xx 000 0 und d
020 _a9780070139909
040 _cAIMIT LIBRARY
041 _aeng
082 _a005.30287
_21
_bLIMM
100 _aLimaye, M G.
_952234
245 _aSoftware testing :
_bprinciples techniques and tools /
_cBy M G Limaye.
250 _a1
260 _aNew Delhi :
_bTata McGraw Hill Education Private Limited ,
_c2009.
300 _axxii,523p. ;
_c24 cm.
650 _aSoftware quality
_952235
650 _aConfiguration management
_952236
650 _aRisk analysis
_952237
650 _aSoftware verification and validation
_952238
942 _2ddc
_cBK
_e1st
_k005.30287 LIMM
999 _c192626
_d192626